Latinské slovo výber najznámejších antických latinských citátov, výrokov a sentencií Zväzok I

Bibliographic Details
Main Authors: Košková, Klára (Adapter, Compiler), Oravec, Tomáš, 1954- (Adapter, Compiler)
Other Authors: Blažo, Pavel, 1943- (Illustrator)
Format: Book
Language:Slovak
PhysicalDescription:320 s. 17 cm
Published: Bratislava Nestor 1995
ISBN:8096707051
8096707043 (sub.)
Series:Klenoty
Subjects:

MARC

LEADER 00000cam a2200000 a 4500
001 vtls001078823
003 SK-MaSNL
005 20260301153215.0
008 240611s1995 xo g 00101 slo
015 |a SNBA1995/05 
020 |a 8096707051  |q (viaz.) 
020 |a 8096707043 (sub.) 
035 |a SNK000021658 
040 |a SNK  |b slo  |c SNK  |e AACR2 
041 0 |a slo 
044 |a xo  |c SK 
080 |a 871-84=871=854  |2 1981 
245 0 0 |a Latinské slovo  |b výber najznámejších antických latinských citátov, výrokov a sentencií  |n Zväzok I  |c výber textu Klára Košková, Tomáš Oravec ; výber ilustrácií Pavol Blažo 
260 |a Bratislava  |b Nestor  |c 1995  |e Trnava  |f Polygrafické závody 
300 |a 320 s.  |c 17 cm 
490 1 |a Klenoty  |v zv. 1 
500 |a Ilustrácie na frontispice 
504 |a Obsahuje register 
650 0 7 |a latinská literatúra  |2 SNKPH  |9 1483 
650 0 7 |a latinská staroveká literatúra  |2 SNKPH  |9 67757 
655 7 |a citáty  |2 SNKPH  |9 70419 
655 7 |a výroky  |2 SNKPH  |9 30092 
655 7 |a sentencie  |2 SNKPH  |9 28855 
655 7 |a výbery  |2 SNKPH  |9 67620 
700 1 |a Košková, Klára  |4 com  |4 adp  |9 5512 
700 1 |a Oravec, Tomáš,  |d 1954-  |4 com  |4 adp  |9 120620 
700 1 |a Blažo, Pavel,  |d 1943-  |4 ill  |9 247297 
830 0 |a Klenoty  |9 279029 
852 |a Slovenská národná knižnica 
919 |a 80-967070-5-1 
919 |a 80-96-7070-4-3 (sub.) 
954 |a beletria cudzojazyčná (svetová)  |2 lita 
958 |a TL 
958 |a UP 
958 |a NS 
958 |a LX 
968 |b LAT  |d Z lat. orig. 
999 |c 792001  |d 793931 
952 |t P60, <03>, [BOOK], {603}  |a SNK  |b SNK  |y PREZ  |7 0  |p 17A0175920  |o snkSD 67138/1  |0 0  |1 0  |4 0  |d 1999-01-20  |l 0  |r 2004-12-31 00:00:00  |w 2026-02-24 
952 |t P60, <04>, [BOOK], {604}  |a SNK  |b SNK  |y VYP  |7 0  |p 17A0329519  |o snkSD 67138/1 D1  |i snkKSP 4781/95  |0 0  |1 0  |4 0  |d 2002-01-23  |l 0  |r 2004-12-31 00:00:00  |w 2026-02-24